000 00230 a2200097 4500
001 33065
100 _aGriffin,M.D
245 _aSpace Vehicle Design, 2nd Ed
260 _aVirginia
_bAIAA Educ Series
_c2004
090 _c22195
_d22195
942 _aNUST-CAE
_cM
_c13553
999 _c268138
_d268138